000 nam a22 7a 4500
999 _c8024
_d8024
008 171121b xxu||||| |||| 00| 0 eng d
100 _aTogether
_92381
245 _aEnglish Communication
260 _aNew Delhi
_bRachna
_c2007